[Event "Munich SKA"]
[Site "Munich"]
[Date "1994.05.22"]
[Round "2"]
[White "Lobron, Eric"]
[Black "Benjamin, Joel"]
[Result "1/2-1/2"]
[WhiteElo "2570"]
[BlackElo "2620"]
[Annotator "Dautov,R"]
[PlyCount "53"]
[EventDate "1994.05.21"]
[EventType "tourn"]
[EventRounds "11"]
[EventCountry "GER"]
[EventCategory "16"]
[SourceTitle "CBM 042"]
[Source "ChessBase"]
[SourceDate "1994.10.01"]
[SourceVersion "1"]
[SourceVersionDate "1994.10.01"]
[SourceQuality "1"]

1. d4 Nf6 2. Nf3 e6 3. c4 b6 4. a3 Bb7 5. Nc3 g6 6. Bg5 Bg7 7. e3 h6 8. Bh4 Nc6
$5 (8... O-O 9. Be2 d6 10. O-O g5 11. Bg3 Nh5 12. Nd2 Nxg3 13. hxg3 $13 {/\Bf3}
) 9. Bd3 (9. e4 g5 10. Bg3 Nh5 $10) (9. Nd2 $5 Ne7 10. f3 Nf5 11. Bf2 {/\e4+/-}
d5 12. cxd5 exd5 13. Bb5+ c6 14. Bd3 Qd7 (14... Nd6 15. e4 $16) 15. O-O $14)
9... Ne7 10. Rc1 $1 (10. e4 d6 (10... g5 11. Bg3 Nh5 12. Be5 f6 13. Nd2 fxe5
14. Qxh5+ Kf8 15. d5 $14) 11. O-O (11. Nd2 Nh5 $1) 11... g5 12. Bg3 Nh5 $10)
10... Nf5 11. Bxf6 Bxf6 12. Be4 Bxe4 (12... c6 $6 13. c5 Ba6 (13... bxc5 14.
dxc5 Qa5 15. O-O $16) 14. Bd3 Bxd3 15. Qxd3 $14) 13. Nxe4 Bg7 14. c5 O-O 15.
O-O Ne7 $1 {/\f5} (15... d6 16. cxd6 cxd6 17. Qa4 a6 18. Rc6 d5 19. Ned2 Qd7
20. Qc2 Rfc8 21. Rc1 Ne7 22. Rc7 $14) 16. Ned2 (16. b4 f5 17. Nc3 g5 18. Qb3 g4
19. Nd2 f4 $36 {>>}) (16. Qa4 $5 f5 17. Ned2 g5 18. Ne5 Bxe5 19. dxe5 Nd5 20.
c6 $14) 16... d6 (16... f5 17. Ne5 g5 18. Qh5 $14) 17. cxd6 cxd6 18. Qa4 a6 19.
Qb3 b5 20. Ne4 (20. Rc2 Qd7 21. Rfc1 Rfc8 $10) 20... Qd7 $10 21. Qb4 Rfd8 22.
Qa5 Nd5 $1 (22... Nc6 $5 23. Qb6 Rdc8 24. Rc2 f5 25. Nxd6 $5 (25. Ned2 $2 Bf6 {
/\Bd8}) 25... Qxd6 26. Rfc1 Rab8 27. Qxa6 Ra8 28. Qxb5 Rab8 29. Qa4 Ra8 $10)
23. Nc3 (23. Rc2 Qb7 24. Rfc1 $6 (24. Ned2 Rdc8 $10) 24... Nxe3 25. Nxd6 Rxd6
26. fxe3 Qe4 27. Kf2 Bf6 $15 {><e3}) 23... Ne7 24. Na2 Nc6 25. Qd2 (25. Qb6
Rdc8 {/\Bf6} 26. Nb4 Nxb4 27. axb4 Bf8 $10) 25... Rac8 26. h3 Qb7 27. Rc2
1/2-1/2

[Event "Balatonbereny GM"]
[Site "Balatonbereny"]
[Date "1996.??.??"]
[Round "11"]
[White "Bacrot, Etienne"]
[Black "Romanishin, Oleg M"]
[Result "1-0"]
[WhiteElo "2425"]
[BlackElo "2590"]
[Annotator "Dautov,R"]
[PlyCount "99"]
[EventDate "1996.06.13"]
[EventType "tourn"]
[EventRounds "11"]
[EventCountry "HUN"]
[EventCategory "11"]
[SourceTitle "CBM 055"]
[Source "ChessBase"]
[SourceDate "1996.12.01"]
[SourceVersion "1"]
[SourceVersionDate "1996.12.01"]
[SourceQuality "1"]

1. d4 Nf6 2. c4 e6 3. Nf3 b6 4. a3 Bb7 5. Nc3 g6 6. Qc2 Bxf3 7. gxf3 Nc6 8. e3
Bg7 9. d5 Na5 {N} (9... Ne7 10. e4 O-O (10... Nh5 11. Be3 d6 12. f4 Bh6 13. Qd2
e5 14. Ne2 O-O 15. O-O-O Qd7 16. h4 f5 17. fxe5 Bxe3 18. Qxe3 dxe5 19. f3 Qd6
20. Bh3 $14 {Van Wely-Tiviakov/Wijk/1996}) 11. Bg5 d6 12. h4 $36 (12. dxe6 $6
fxe6 13. h4 Nc6 14. O-O-O Qe8 15. Kb1 Nh5 $15 {San Segundo-Kortschnoi/Madrid/
1995}) (12. O-O-O $5)) (9... Ne5 10. Be2 d6 11. f4 Ned7 $14) 10. f4 (10. b4 $1
Nb7 11. Bb2 O-O 12. Rd1 Qe7 13. Be2 a5 14. Qb3 e5 15. O-O d6 16. Kh1 Ne8 17.
Rg1 $14 {Tukmakov-Romanishin/Biel SKA ; CBM 55/1996}) 10... O-O 11. Bd2 c6 (
11... Qe7 $5 12. b4 (12. Nb5 $6 exd5 13. Nxc7 Rac8 $17) (12. Rd1 c6 13. dxe6
Qxe6 14. b3 d5 $36) 12... Nb7 13. Bg2 exd5 14. cxd5 Nd6 $13) 12. dxe6 (12. dxc6
Nxc6 13. Bg2 Rc8 $132) 12... dxe6 (12... fxe6 $5 13. Ne2 Nb7 14. Bg2 d5 15. O-O
Nc5 $13) 13. Ne2 b5 $1 (13... Nb7 14. Bg2 Qc7 15. O-O $14) 14. Bb4 Re8 (14...
Nxc4 $6 15. Bxf8 Kxf8 (15... Qxf8 16. Nd4 $16) 16. Nd4 (16. Nc3 $2 Nxb2 $1 17.
Qxb2 Ne4 $17) 16... Qd5 17. Rg1 $16) 15. Rd1 Qb6 (15... Qc7 $2 16. cxb5 $16)
16. c5 Qc7 17. Bc3 (17. Bg2 $2 Nd5 $15) 17... Rad8 18. Rxd8 Rxd8 19. Bg2 Nd5 (
19... Nc4 $6 20. O-O Qd7 $6 21. b3 Nd2 (21... Nxa3 $2 22. Qb2 $18) 22. Rc1 Qd3
23. Nd4 Qxc2 24. Rxc2 Nde4 25. Ba5 $16) 20. Bxg7 Kxg7 21. O-O Qe7 $4 (21... Nb7
22. b4 a5 23. Qb2+ Kg8 24. Rd1 Ra8 25. Bxd5 exd5 26. f5 axb4 27. axb4 $14 {פb7
}) (21... e5 22. fxe5 Qxe5 (22... Nc4 23. e6 fxe6 24. b3 Ne5 25. Nd4 $14) 23.
e4 Nf6 24. f4 Qe7 $132) 22. Bxd5 Rxd5 23. Qc3+ $18 e5 24. Qxa5 exf4 25. Qc3+
Kg8 26. Nxf4 Rg5+ 27. Kh1 Rxc5 28. Qd3 a5 29. Rd1 b4 30. axb4 axb4 31. Qd8+
Qxd8 32. Rxd8+ Kg7 33. Rd2 g5 34. Ne2 Rc4 35. Kg2 c5 36. b3 Rg4+ 37. Kf3 Rh4
38. Rd5 Kg6 39. Rxc5 Rxh2 40. Rc4 h5 41. Kg3 Rh1 42. Rxb4 h4+ 43. Kg2 Rb1 44.
Rb6+ Kh5 45. Rb5 Rb2 46. Nf4+ Kg4 47. Nd3 h3+ 48. Kh2 Re2 49. Ne5+ Kh5 50. Kxh3
1-0

[Event "WchT 3rd"]
[Site "Luzern"]
[Date "1993.??.??"]
[Round "8.1"]
[White "Ivanchuk, Vassily"]
[Black "Kortschnoj, Viktor Lvovich"]
[Result "1/2-1/2"]
[WhiteElo "2705"]
[BlackElo "2625"]
[Annotator "Dautov,R"]
[PlyCount "52"]
[EventDate "1993.10.24"]
[EventType "team-tourn"]
[EventRounds "9"]
[EventCountry "SUI"]
[SourceTitle "CBM 038"]
[Source "ChessBase"]
[SourceDate "1994.02.01"]
[SourceVersion "1"]
[SourceVersionDate "1994.02.01"]
[SourceQuality "1"]
[WhiteTeam "Ukraine"]
[BlackTeam "Switzerland"]
[WhiteTeamCountry "UKR"]
[BlackTeamCountry "SUI"]

1. d4 Nf6 2. c4 e6 3. Nf3 b6 4. Nc3 Bb7 5. a3 d5 6. Qc2 Be7 7. cxd5 Nxd5 8. e4
Nxc3 9. bxc3 O-O 10. Bd3 c5 11. O-O Qc8 12. Qd1 {N} (12. e5 h6 13. Qe2 Rd8 14.
Rd1 Nd7 15. Be3 Qc6 16. Bb5 Qc7 17. Nd2 f5 18. a4 {Remis/Kasparov-Ribli/
Reykjavik/1988}) (12. Qb3 $5 c4 (12... Ba6 13. Bxa6 Nxa6 (13... Qxa6 14. d5
exd5 15. exd5 c4 16. Qc2 $14) 14. Bf4 $14) 13. Bxc4 Bxe4 14. Bg5 {
Solozhenkin-Genov,P/Primorsko/1990} Bxf3 15. Bxe7 Re8 16. Bh4 Bb7 17. Bd3 Nc6
18. Qc2 h6 19. f4 $14 {Lifshic,Solozhenkin}) (12. Qe2 Ba6 13. Bf4 (13. Rd1))
12... Ba6 13. Bxa6 Nxa6 14. d5 (14. Bf4 $5 Rd8 15. Qe2 Qb7 16. Rfd1 cxd4 (16...
Rac8 17. d5 exd5 18. exd5 $14) 17. cxd4 Rac8 18. Rd3 $14) 14... exd5 15. exd5
Bf6 16. Bg5 Bxg5 (16... Bxc3 $2 17. Rc1 Bb2 18. Rb1 Bxa3 19. Be7 Bb4 (19... Re8
20. d6 Qd7 21. Ra1 $16) 20. d6 Rd8 21. Bxd8 Qxd8 22. Ne5 $16) 17. Nxg5 Qf5 $1
$10 18. Nf3 c4 $1 19. Qa4 (19. Qd2 $6 Rad8 20. Rad1 Nc7 21. d6 Ne8 22. d7 Nf6
$15) (19. Qd4 Nc7 20. Rad1 Rfd8 21. d6 Nb5 22. Qxc4 Nxd6 $15) 19... Nc7 20. d6
Nb5 21. Qb4 Rad8 (21... a5 22. Qxc4 Nxd6 23. Qc6 Qc5 24. Qxc5 bxc5 $10) (21...
Rfd8 22. Rfd1 Qc5 23. Qxc5 bxc5 24. Rd5 Rac8 $2 (24... Rxd6 $10) 25. d7 Rc7 26.
Rb1 Rcxd7 (26... Nxc3 27. Rb8 $18) 27. Rxd7 Rxd7 28. a4 $18) 22. Rfd1 Qc5 23.
Qxc5 bxc5 24. Rd5 Nxc3 25. Rxc5 Rxd6 26. Rxc4 Rfd8 (26... Nb5 $2 27. a4 Rfd8
28. Re1 Na3 29. Rc3 Nb1 30. Rc7 $14) (26... Rfd8 27. h4 Nd5 $10) 1/2-1/2

[Event "Tilburg"]
[Site "Tilburg"]
[Date "1994.??.??"]
[Round "5"]
[White "Khalifman, Alexander"]
[Black "Ivanchuk, Vassily"]
[Result "1/2-1/2"]
[WhiteElo "2645"]
[BlackElo "2695"]
[Annotator "Dautov,R"]
[PlyCount "193"]
[EventDate "1994.09.??"]
[EventType "k.o."]
[EventRounds "7"]
[EventCountry "NED"]
[SourceTitle "CBM 044"]
[Source "ChessBase"]
[SourceDate "1995.02.01"]
[SourceVersion "1"]
[SourceVersionDate "1995.02.01"]
[SourceQuality "1"]

1. d4 Nf6 2. c4 e6 3. Nf3 b6 4. a3 Bb7 5. Nc3 d5 6. Qc2 Be7 7. cxd5 Nxd5 8. Bd2
O-O 9. e4 Nxc3 10. Bxc3 c5 11. dxc5 bxc5 12. Bd3 $146 (12. Rd1 Qc7 13. Qa4 $1 {
N} (13. Bd3 Nd7 14. O-O Rfd8 15. Rfe1 Nb6 $1 (15... h6 16. Bb5 $1 Nf6 17. Rxd8+
Rxd8 18. Qa4 $1 $16) 16. Bf1 Rxd1 17. Rxd1 Qc6 18. Re1 Rd8 $10 {
Nogueiras-Granda Zuniga/Biel izt/1993}) 13... Qf4 14. Bd3 Bc6 15. Qc2 Nd7 16.
O-O Rfd8 17. Rfe1 Qc7 18. Nd2 Nb6 19. b3 Rd7 20. Nc4 Nxc4 21. Bxc4 $14 {
Dreev-Rodruguez/Moscow olm/1994}) (12. Bc4 Nc6 (12... Nd7 $5) 13. O-O Qc7 14.
Rad1 Rac8 15. b3 e5 16. Bd5 Nd4 17. Bxd4 exd4 18. Bxb7 Qxb7 19. Nd2 $14 {
Hebert-Stefansson/New York op/1989}) 12... Nc6 13. e5 Nd4 $1 (13... h6 14. Bh7+
Kh8 15. Be4 Qb6 16. O-O $14) 14. Nxd4 (14. Bxd4 cxd4 $1 (14... Bxf3 15. Be3
Bxg2 16. Rg1 Qd5 17. O-O-O $40) 15. Bxh7+ Kh8 16. Be4 (16. O-O $2 Bxf3 17. gxf3
g6 18. Bxg6 fxg6 $19) 16... Rc8 17. Qe2 Bxe4 18. Qxe4 Qa5+ 19. Nd2 d3 $36)
14... cxd4 15. Rd1 (15. Bxh7+ $6 Kh8 16. Rd1 Qe8 $1 (16... Bxg2 $2 17. Rg1 Qd5
18. Rxd4 Qxe5+ 19. Be4 Bxe4 20. Rxe4 $18) 17. Rd3 (17. Bxd4 g6 18. Qb3 Bxg2 19.
Rg1 Qc6 $17) 17... g6 18. Qd2 (18. Rh3 Bxg2 19. Qd2 Bxh3 20. Qh6 Bg5 21. Qxh3
Kg7 $19) 18... g5 19. Bxd4 Kxh7 $17) 15... g6 16. Be4 Bxe4 17. Qxe4 dxc3 18.
Rxd8 Rfxd8 19. bxc3 Rac8 $10 20. c4 $6 (20. Qb7 Bxa3 21. Qxa7 Bb2 22. O-O Bxc3
$10) 20... Bxa3 21. Ke2 Bc5 $15 {><e5,c4} 22. Qc2 Rd4 23. Rd1 Rf4 24. f3 Bb6
25. Rc1 Rc5 26. Qc3 Rf5 27. Kf1 Rfxe5 28. Rd1 Red5 29. Rd3 Rh5 30. h3 Rc8 31.
Qc1 Rhc5 32. Rc3 Ba5 (32... Bc7 $5 33. Rc2 Be5 34. Qe3 a5 $17) 33. Rc2 Bb4 34.
Qa1 a5 35. Qa2 Rd8 36. g3 g5 (36... Rd3 37. Ke2 (37. Kg2 Rf5 $17) 37... Ra3 38.
Qb2 Rf5 39. Rd2 $132) 37. Kg2 Rd4 $17 (37... Rd3 $5) 38. Qb3 h6 39. Qa2 Kh7 40.
Qb1 Kg8 41. Qb3 Rc8 42. Qa2 Rd7 43. Qa4 Rdc7 44. Qb5 Kh7 45. Qa6 Rc6 46. Qb5
R8c7 47. Qb8 Rc8 48. Qb5 Kg8 49. Qb7 R6c7 50. Qb5 Rc5 51. Qd7 R8c7 52. Qd8+ Kg7
53. Qd4+ e5 54. Qb2 Rd7 55. Qb3 Rd4 56. Qa2 h5 57. Qb3 h4 (57... g4 $5 58. hxg4
hxg4 59. f4 f6 60. fxe5 fxe5 61. Qe3 $15) 58. Qe3 f6 59. gxh4 Rxh4 60. Qb3 Rd4
61. Qa4 Kf7 62. Qb3 Ke7 63. Kf2 Kd6 64. Kg2 Kc7 65. Kf2 f5 66. Kg2 f4 67. Kf2
e4 (67... Kd6 68. Kg2 e4 69. fxe4 Rxe4 70. Qd3+ Ke5 71. Qd8 $10) 68. fxe4 Rxe4
69. Qd3 Re7 70. Re2 Rce5 71. Rxe5 Rxe5 72. Qg6 $15 Bd6 (72... a4 $2 73. Qg7+
Kd6 $2 74. Qf8+ Re7 75. Qb8+ Kc5 76. Qb5+ $18) 73. Qc2 Kb6 74. Kg2 Kc6 75. Qa4+
Kc7 76. Kf3 Bb4 77. Qa1 Bc3 78. Qd1 Kc6 79. h4 gxh4 80. Kxf4 Kc5 81. Qb3 Kd4
82. Qd1+ Kxc4 83. Qa4+ $10 Kc5 84. Qa3+ Bb4 85. Qc1+ Kd6 86. Qc2 Rd5 87. Qg6+
Kc7 88. Qf7+ Kc6 89. Qg6+ Bd6+ 90. Kg4 Rd4+ 91. Kh3 a4 92. Qc2+ Bc5 93. Qg6+
Kb5 94. Qb1+ Ka5 (94... Rb4 95. Qd3+ Ka5 96. Qd8+ $10) 95. Qe1+ Kb6 96. Qb1+
Rb4 97. Qg6+ 1/2-1/2

[Event "Tilburg"]
[Site "Tilburg"]
[Date "1994.??.??"]
[Round "4"]
[White "Dreev, Alexey"]
[Black "Almasi, Zoltan"]
[Result "1-0"]
[WhiteElo "2650"]
[BlackElo "2620"]
[Annotator "Dautov,R"]
[PlyCount "69"]
[EventDate "1994.09.??"]
[EventType "k.o."]
[EventRounds "7"]
[EventCountry "NED"]
[SourceTitle "CBM 044"]
[Source "ChessBase"]
[SourceDate "1995.02.01"]
[SourceVersion "1"]
[SourceVersionDate "1995.02.01"]
[SourceQuality "1"]

1. d4 Nf6 2. c4 e6 3. Nf3 b6 4. Nc3 Bb7 5. a3 d5 6. Qc2 dxc4 7. Bg5 $5 $146 (7.
e4 c5 8. dxc5 Bxc5 9. Bxc4 Nbd7) 7... Nc6 $6 (7... Bxf3 8. exf3 (8. gxf3 Qxd4
9. Rd1 Qc5 10. Ne4 Qa5+ 11. Bd2 Qf5 12. Qxc4 Nxe4 13. fxe4 Qc5 $13) 8... Qxd4
9. Be3 (9. Rd1 Qe5+ 10. Ne4 Be7) 9... Qe5 10. Bxc4 $44) (7... Nbd7 8. e4 (8. e3
c5 9. Bxc4 cxd4 10. exd4 Be7 $10) 8... c5 9. Bxc4 cxd4 10. Nxd4 a6 11. O-O Qc7
$13) (7... a6 $5 8. e4 b5 9. O-O-O Be7 $15) 8. Rd1 Be7 (8... a6 $6 9. e4 b5 10.
d5 $1 (10. e5 h6 11. Bh4 g5 $13) 10... exd5 11. Nxd5 Bd6 12. e5 Nxe5 13. Nxe5
Bxd5 14. Rxd5 Bb4+ 15. axb4 Qxd5 16. Bxf6 gxf6 17. Ng4 Qe6+ 18. Be2 $16) 9. e4
Na5 10. Ne5 Nd7 11. Bxe7 Qxe7 12. Nxc4 Nxc4 13. Bxc4 O-O 14. O-O $14 c5 15. d5
Ne5 (15... exd5 16. Bxd5 Nf6 17. Bxb7 Qxb7 18. e5 Ng4 19. Qe2 $16) 16. Ba2 exd5
17. Nxd5 Bxd5 18. Bxd5 (18. Rxd5 $5 $14) 18... Rac8 (18... Rad8 $5 19. f4 Ng4
20. Rfe1 Nf6 21. Ba2 Rxd1 22. Qxd1 Rd8 $132) 19. f4 Ng4 20. Qe2 Nf6 21. Bc4 b5
$5 (21... Nxe4 $2 22. Rfe1 Rfe8 23. Bd5 $18) (21... Qxe4 22. Qxe4 Nxe4 23. Rd7
a5 24. Rfd1 $14) 22. Bxb5 c4 23. Ba4 (23. Kh1 Nxe4 (23... Qxe4 24. Qxe4 Nxe4
25. Rd4) 24. Bxc4 Rfe8 25. Bd3 Ng3+ 26. hxg3 Qxe2 27. Bxe2 Rxe2 $10) (23. e5 $5
Qc5+ 24. Kh1 (24. Qf2 $2 Ng4 25. Qxc5 Rxc5 26. a4 Ne3 $17) 24... Qxb5 25. exf6
gxf6 26. Rf3 $14) 23... Nxe4 24. Rd4 f5 25. Rxc4 Qf6 $44 (25... Kh8 26. Bc6
Rfd8 27. Rfc1 $16 {/\} Rd2 28. Bxe4) 26. h3 (26. Rd1 $2 Qb6+ 27. Rdd4 Rfd8 28.
Bd7 Rc7 $17) 26... Rcd8 (26... Ng3 $1 27. Qc2 Rxc4 28. Qxc4+ Kh8 29. Rb1 Ne4
30. Qb4 a5 31. Qxa5 Qd4+ 32. Kh2 Nd2 33. Rd1 Qxf4+ 34. Kg1 Nf3+ 35. gxf3 Qg3+
$10) 27. Rd1 Qh4 $2 (27... Qb6+ 28. Kh2 Rxd1 (28... Qb8 29. Qe3 Rxd1 30. Bxd1
Qxb2 31. Rb4 Qf6 32. Qxa7 $16) 29. Qxd1 (29. Bxd1 Rd8 $44) 29... Qf2 (29...
Qxb2 $2 30. Qd5+ Kh8 31. Qxf5 $16) 30. Qf3 Qxb2 31. Rc7 $14) 28. Qe3 $16 Rxd1+
29. Bxd1 Re8 30. Rc6 $1 {/\Bb3-e6} h6 31. Bb3+ Kh8 32. Bf7 Rf8 (32... Re7 33.
Rc8+ Kh7 34. Bg8+ Kg6 35. Rc6+ $18) (32... Rd8 33. Bg6 Ng3 34. Rd6 Rc8 35. Re6
$18) 33. Bg6 Qe7 34. Bxf5 $1 Rxf5 35. Rc4 $18 1-0

[Event "Dortmund"]
[Site "Dortmund"]
[Date "1994.??.??"]
[Round "1"]
[White "Dreev, Alexey"]
[Black "Timman, Jan H"]
[Result "1/2-1/2"]
[WhiteElo "2645"]
[BlackElo "2620"]
[Annotator "Dautov,R"]
[PlyCount "119"]
[EventDate "1994.07.??"]
[EventType "tourn"]
[EventRounds "9"]
[EventCountry "GER"]
[EventCategory "16"]
[SourceTitle "CBM 042"]
[Source "ChessBase"]
[SourceDate "1994.10.01"]
[SourceVersion "1"]
[SourceVersionDate "1994.10.01"]
[SourceQuality "1"]

1. d4 Nf6 2. c4 e6 3. Nf3 b6 4. a3 Bb7 5. Nc3 d5 6. Qc2 Be7 (6... dxc4 $142) 7.
cxd5 exd5 8. Bf4 $5 (8. g3) (8. Bg5 $14) 8... O-O 9. e3 c5 10. Rd1 $5 (10. Bd3
Nc6 (10... Nbd7 $5) 11. O-O c4 12. Bf5 a6 13. b3 cxb3 14. Qxb3 b5 $132 {
/\Na5-c4}) 10... Na6 (10... Nc6 11. Ne5 (11. Be2 $5) 11... cxd4 (11... Nxe5 $6
12. dxe5 Nh5 13. Nxd5 Bxd5 14. Bc4 Bxg2 15. Rxd8 Rfxd8 16. Rg1 Nxf4 17. exf4
Bf3 18. Be2 $16) (11... c4 12. g4 $1 Nxe5 $2 13. dxe5 Nxg4 14. Rg1 $18) 12.
Nxc6 Bxc6 13. Rxd4 Bc5 14. Rd1 d4 15. exd4 Bxd4 16. Be2 $1 $14 {/\} Bxg2 $2 17.
Rg1 Bc6 18. Be3 Bxc3+ 19. Qxc3 Bd7 20. Rxd7 $1 $18) 11. Bd3 Nc7 12. O-O Ne6 13.
Be5 c4 14. Bf5 g6 15. Bh3 a6 16. b3 $1 (16. Nd2 $2 Ng5 $15) 16... b5 (16...
Bxa3 17. bxc4 dxc4 18. d5 $1 Nc5 (18... Nxd5 $2 19. Nxd5 Bxd5 20. e4 $18) (
18... Ng7 19. Qa4 Bb2 20. Qxc4 Bxc3 21. Qxc3 Nxd5 22. Rxd5 $16) 19. Qa2 Bb4 20.
Qxc4 a5 (20... Bxc3 21. Bxc3 Nxd5 22. Ba1 $36) 21. Qh4 Bxc3 22. Bxc3 Nxd5 23.
Ng5 h5 24. Bb2 $40 {/\Qd4}) (16... Rc8 $1 {>=} 17. bxc4 Rxc4 18. Qb3 b5 $132)
17. bxc4 bxc4 (17... dxc4 $4 18. d5 Nc5 19. d6 $18) 18. Qa4 $1 Qe8 (18... Qd7
19. Bxf6 Qxa4 20. Nxa4 Bxf6 21. Bxe6 fxe6 22. Nc5 Bc8 23. Rb1 Be7 24. Ne5 $16)
19. Qxe8 Rfxe8 20. Rb1 Bc6 21. Rb6 Rec8 22. Bxf6 Bxf6 23. Ne5 Bxe5 24. dxe5 Rc7
25. Bxe6 $1 (25. Rd1 $2 Nc5 26. Nxd5 Bxd5 27. Rxd5 c3 $17) 25... fxe6 26. Rfb1
$16 Kf7 27. f3 Rd8 28. Rd1 (28. Rxa6 d4 29. exd4 Rxd4 $132) 28... a5 29. Kf2
Ke7 30. Ne2 Bd7 31. Rc1 Rdc8 32. Nd4 c3 33. Ke2 c2 34. Kd2 Rc3 35. Rb3 (35.
Rxc2 $6 Rxa3 36. Rcb2 {/\Ra6,Rb7} Rc7 $1 $13 (36... Rcc3 $2 37. Rb7 Rd3+ 38.
Ke2 Rxe3+ 39. Kf2 Rac3 40. Ra7 $18)) 35... Rxb3 36. Nxb3 Rb8 (36... Ba4 37.
Rxc2 $1 (37. Nxa5 $2 Kd7 38. Nb7 Rc7 39. Nd6 Rc6 $13) 37... Rb8 38. Nd4 {
-36..Rb8}) 37. Nd4 Ba4 38. Rxc2 $1 $18 Kd7 39. Ra2 $2 (39. Rc5 $1 Rb2+ 40. Kc3
Rxg2 41. Rxa5 Bd1 42. Ra7+ $18) 39... Rb1 40. Ke2 Bb3 41. Nxb3 Rxb3 42. a4 Rb4
$132 43. f4 Kc6 44. Kf3 Rc4 45. Kg4 h6 46. h4 Kc5 47. h5 g5 48. Kf3 (48. g3
gxf4 49. gxf4 d4 50. exd4+ Rxd4 51. Kf3 Kd5 52. Rb2 Rxa4 53. Rb6 Ra3+ 54. Kg4
Ra1 55. Rd6+ Ke4 56. Rxe6 Rg1+ $10) 48... gxf4 49. exf4 Rc3+ 50. Kf2 d4 51. Rb2
Kd5 52. Rb6 (52. g4 $2 Ke4 53. g5 Rf3+ 54. Kg2 Rxf4 55. gxh6 Rf5 $15) 52... Ra3
53. Rd6+ Ke4 54. Rxe6 Kxf4 $10 55. Rf6+ (55. Rxh6 Ra2+ 56. Kg1 d3 57. Rd6 d2
58. Kh2 Kxe5 59. Rd8 Rxa4 60. Rxd2 Rh4+ $10) 55... Kxe5 56. Rxh6 Ra2+ 57. Kf3
Ra3+ 58. Kf2 (58. Kg4 Rxa4 {/\d3,Rd4}) 58... Ra2+ 59. Kf3 Ra3+ 60. Kf2 1/2-1/2

[Event "EU-Cup 09th Group5"]
[Site "Balatonbereny"]
[Date "1993.09.09"]
[Round "3"]
[White "Lputian, Smbat G"]
[Black "Romanishin, Oleg M"]
[Result "1/2-1/2"]
[WhiteElo "2565"]
[BlackElo "2615"]
[Annotator "Dautov,R"]
[PlyCount "102"]
[EventDate "1993.09.07"]
[EventType "team-k.o."]
[EventRounds "3"]
[EventCountry "HUN"]
[SourceTitle "EXT 2020"]
[Source "ChessBase"]
[SourceDate "2019.10.17"]
[SourceVersion "1"]
[SourceVersionDate "2019.10.17"]
[SourceQuality "1"]
[WhiteTeam "Hayastan Dinamo"]
[BlackTeam "Zagreb Mladost-Novogradnja"]
[WhiteTeamCountry "ARM"]
[BlackTeamCountry "CRO"]

1. d4 Nf6 2. c4 e6 3. Nf3 b6 4. a3 Bb7 5. Nc3 g6 6. Qc2 Bxf3 7. gxf3 Nc6 8. d5
(8. e3 Bg7 9. f4 O-O 10. Bg2 Na5 $1 11. Ne2 $14) 8... Nd4 $1 (8... Ne7 $6 9. e4
Bg7 10. Be2 d6 11. f4 O-O 12. Be3 $14 {/\0-0-0}) 9. Qd1 c5 10. dxc6 (10. e3 $5
Nf5 11. f4 $13) 10... dxc6 11. Bf4 (11. Bg5 h6 12. Bh4 Bg7 13. Qa4 g5 14. Bg3
Nd7 15. Bg2 Nc5 16. Qd1 Ndb3 17. Rb1 Qxd1+ 18. Nxd1 O-O $15 {Farago-Brynell/
Tastrup/1990}) 11... Bg7 12. Be5 Nf5 (12... Nh5 13. Bxg7 Nxg7 14. e3 Ndf5 15.
Qxd8+ Rxd8 16. f4 O-O 17. Bg2 c5 18. Ke2 Nh4 19. Bc6 Rd6 20. Ba4 $14 Rfd8 $4
21. Ne4 Rd3 22. Bc2 $18) 13. Qa4 (13. Qxd8+ Rxd8 14. e3 Nh4 15. Be2 Nh5 16.
Bxg7 Nxg7 $10) 13... O-O $1 14. Rd1 (14. Qxc6 Rc8 15. Qa4 Nh5 16. Bxg7 Kxg7 17.
e3 (17. Qxa7 $2 Ra8 18. Qb7 Nd6 19. Qc6 Rc8 20. Qa4 Nxc4 $36) 17... Qh4 $44 {|^
}) 14... Qc8 (14... Qe7 $5 15. Qxc6 Rac8 16. Qa4 Nh5 17. Bxg7 Kxg7 $44 {/\Qh4})
15. f4 Nh5 16. Bxg7 Kxg7 17. e3 Qc7 18. Bg2 Nh4 $1 (18... Rac8 19. O-O Nh4 20.
Bh1 $10 {/\Ne2-g3}) 19. Bxc6 Rac8 20. Be4 (20. Bb5 $2 Qb7 $17) 20... Nf6 $1 $36
21. Ke2 (21. O-O $2 Nxe4 22. Nxe4 Qb7 23. f3 (23. Qc2 $2 f5 $19) 23... Nxf3+
24. Rxf3 Qxe4 25. Rg3 Rfd8 $17) 21... Qc5 $1 (21... Nxe4 22. Nxe4 Qxc4+ 23.
Qxc4 Rxc4 24. Nc3 $10) 22. f3 (22. Qb5 $4 Qxb5 23. cxb5 Rxc3 24. bxc3 Nxe4 $17)
(22. Bd3 Rfd8 23. Qxa7 (23. f3 $2 Ng2 $17) 23... Qh5+ 24. Kd2 Rxc4 25. Qxb6
Rcc8 $36 {/\Nd5,Nf3}) 22... e5 23. Qb5 $1 (23. fxe5 $6 Qxe5 24. Rd4 Rfe8 $40 {
/\Nf3}) 23... exf4 24. Qxc5 Rxc5 25. b3 fxe3 26. Kxe3 Re8 27. Kf2 Re6 (27... b5
$5 28. Nxb5 (28. Rd4 $5 bxc4 29. Rxc4 Rxc4 30. bxc4 Rc8 31. Bd3 $10) 28...
Nxe4+ 29. fxe4 Rxe4 30. Nd6 $13) 28. Rd4 $10 Nf5 29. Rd3 Nd6 30. Bd5 Nxd5 31.
Rxd5 Rxd5 32. Nxd5 Nb7 33. b4 (33. Rd1 Na5 34. Rd3 $10) 33... Rc6 34. Rc1 Nd6
35. c5 (35. Ne3 f5) 35... bxc5 36. Rxc5 Ra6 37. Ra5 Rxa5 38. bxa5 Nc4 (38... f6
39. Ke3 Nf5+ (39... Kf7 40. Kd4 Ke6 41. a6 $10) 40. Kd3 Kf7 41. Kc4 Ne7 42. Nc3
$10) 39. a6 Nxa3 40. Ke3 Nb5 41. Kd3 g5 42. Kc4 Na3+ 43. Kc5 (43. Kb4 Nc2+ 44.
Kc5 f5 45. Kc6 Nd4+ 46. Kb7 Nb5 47. Kc6 Nd4+ 48. Kb7 $10) 43... f5 44. Ne7 f4
45. h3 h5 46. Nc6 g4 47. fxg4 f3 48. Nd4 f2 49. Nf5+ Kg6 50. Ng3 hxg4 51. hxg4
Nc2 1/2-1/2